| 000 | 00823nam0a22002651 4500 | ||
|---|---|---|---|
| 001 | RU\NLR\INFOCOMM\LIB1\16308 | ||
| 005 | 20250617210121.0 | ||
| 035 | _a(NLR Aleph) 004336818 | ||
| 090 |
_a3066289 _c3066289 |
||
| 100 | _a20011016d1957 |||y0rusy50 ca | ||
| 101 | 1 |
_afin _crus |
|
| 102 | _aRU | ||
| 105 | _ay ||||000ay | ||
| 200 | 1 |
_aSairashuone n:o 6 _fA. P. Tshehov _gsuom. V. Levänen |
|
| 210 |
_aPetroskoi _cKarjalan ASNT:n valtion kustannusliike _d1957 |
||
| 215 |
_a96 с. _d21см |
||
| 300 | _aНа обор. тит. л.:А.П.Чехов.Палата № 6. | ||
| 700 | 1 |
_aČeсhov _bA.P. _f1860-1904 _gAnton Pavlovič _4070 |
|
| 702 | 1 |
_aLevänen _bV. _gVieno _4730 |
|
| 801 | 1 |
_aRU _bInfoComm _c20011016 |
|
| 801 | 0 |
_aRU _bNLR _gPSBO |
|
| 852 |
_aNLR _bН _jФин/3-4248 |
||
| 942 | _cBOOK | ||
| 980 | _aNB | ||